Origins of life in the universe/ (Record no. 8592)

MARC details
000 -LEADER
fixed length control field 00592nam a22002057a 4500
003 - CONTROL NUMBER IDENTIFIER
control field OSt
005 - DATE AND TIME OF LATEST TRANSACTION
control field 20240618100729.0
008 - FIXED-LENGTH DATA ELEMENTS--GENERAL INFORMATION
fixed length control field 240618b |||||||| |||| 00| 0 eng d
020 ## - INTERNATIONAL STANDARD BOOK NUMBER
International Standard Book Number 9780521532839
040 ## - CATALOGING SOURCE
Transcribing agency must
082 ## - DEWEY DECIMAL CLASSIFICATION NUMBER
Classification number 523.1 JAS 2008
100 ## - MAIN ENTRY--PERSONAL NAME
Personal name Jastrow,Robert
9 (RLIN) 17420
245 ## - TITLE STATEMENT
Title Origins of life in the universe/
Statement of responsibility, etc. Robert Jastrow and Michael Rampino
260 ## - PUBLICATION, DISTRIBUTION, ETC. (IMPRINT)
Place of publication, distribution, etc. United Kingdom:
Name of publisher, distributor, etc. Cambridge University Press;
Date of publication, distribution, etc. c2008.
300 ## - PHYSICAL DESCRIPTION
Extent xiii,395p.:
Other physical details col.ill;
Dimensions 24cm.
504 ## - BIBLIOGRAPHY, ETC. NOTE
Bibliography, etc Includes Index
600 ## - SUBJECT ADDED ENTRY--PERSONAL NAME
Source of heading or term Earth
700 ## - ADDED ENTRY--PERSONAL NAME
Personal name Rampino,Michael
9 (RLIN) 17421
942 ## - ADDED ENTRY ELEMENTS (KOHA)
Source of classification or shelving scheme Dewey Decimal Classification
Koha item type Open Shelf
Holdings
Withdrawn status Lost status Source of classification or shelving scheme Damaged status Not for loan Home library Current library Date acquired Source of acquisition Inventory number Total Checkouts Full call number Barcode Date last seen Price effective from Koha item type
    Other/Generic Classification Scheme     MUST Main Library MUST Main Library 18/06/2024 Donation 11/33065   523.1 JAS 2008 2024-20730 18/06/2024 18/06/2024 Open Shelf